[Event "ICS rated blitz match"]
[Site "207.99.83.227"]
[Date "1999.05.07"]
[Round "?"]
[White "Hossa"]
[Black "JudgeTurpin"]
[Result "0-1"]
[WhiteElo "2421"]
[BlackElo "2556"]
[Annotator "Crafty v16.6"]
[PlyCount "73"]

{annotating for player ossa using a scoring margin of +0.20 pawns. search time
limit is 20.00} 1. e4 1... e5 2. f4 exf4 3. Nf3 d5 4. Nc3 dxe4 5. Nxe4 Qe7 6.
Qe2 Bg4 7. d4 Bxf3 8. gxf3 Nc6 9. Bxf4 ({8:-0.70} 9. Bxf4 9... Nxd4 10. Qf2
O-O-O 11. O-O-O Qd7 12. Bb5 Qxb5 13. Rxd4 $15) ({8:-0.47} 9. d5 9... Nd4 10.
Qd3 Nxf3+ 11. Qxf3 f5 12. Bxf4 fxe4 13. Qe3 $15) 9... Nxd4 10. Qf2 O-O-O 11.
O-O-O Qd7 12. Bg2 ({8:-0.12} 12. Bg2 12... Qa4 13. Be5 Nc6 14. Rxd8+ Nxd8 15.
Nc3 Qa5 16. Bh3+ Kb8 17. Qd4 $10) ({8:+0.38} 12. Kb1 12... Qf5 13. Bg5 f6 14.
Rxd4 Rxd4 15. Qxd4 fxg5 16. Qxa7 16... Qxf3 $14) 12... Qa4 13. Be3 c5 14. c3
Ne6 15. Rxd8+ Kxd8 16. Kb1 b6 17. b3 Qe8 18. Qe2 Kc8 19. Qa6+ Kb8 20. Re1 Qc6
21. Rd1 Be7 22. Bh1 f5 23. Nd2 f4 24. Bg1 Nf6 25. Nc4 Nd5 26. Ne5 Qd6 27. Re1
Nxc3+ 28. Kc2 Bh4 29. Nf7 Nd4+ 30. Kb2 Qg6 31. Rc1 Re8 32. Bxd4 cxd4 33. Nh8
Rxh8 34. Qc4 Re8 35. Ka1 Re1 36. Rxe1 Bxe1 37. Qg8+ 0-1

[Event "ICS Rated blitz match"]
[Site "207.99.83.227"]
[Date "1999.05.07"]
[Round "?"]
[White "Hossa"]
[Black "JudgeTurpin"]
[Result "0-1"]
[WhiteElo "2411"]
[BlackElo "2566"]
[Annotator "Crafty v16.6"]
[PlyCount "95"]

{annotating for player ossa using a scoring margin of +0.20 pawns. search time
limit is 20.00} 1. e4 1... e5 2. f4 exf4 3. Nf3 d6 4. Bc4 h6 5. d3 g5 6. O-O
Bg7 7. Nbd2 Be6 8. Bd5 ({9:-0.92} 8. Bd5 8... Nc6 9. Bxc6+ bxc6 10. c3 Bg4 11.
Qe1 Ne7 12. e5 d5 13. Qf2 $17) ({9:-0.67} 8. c3 8... Nd7 9. Bxe6 fxe6 10. Nd4
Qe7 11. Qh5+ Kd8 12. Qg6 Bxd4+ 13. cxd4 Qf6 14. Qxf6+ Ngxf6 15. Nc4 $15) 8...
c6 9. Bxe6 fxe6 10. e5 ({9:-1.63} 10. e5 10... dxe5 11. Ne4 Na6 12. Qe2 g4 13.
Nfd2 Qd4+ 14. Rf2 14... h5 $19) ({9:-0.89} 10. Nc4 10... Ne7 11. c3 d5 12. exd5
cxd5 13. Nce5 Qd6 14. Qe2 14... Nbc6 $17) 10... Qb6+ 11. d4 d5 12. Nb3 Nd7 13.
Bd2 Ne7 14. Ba5 Qb5 15. a4 Qa6 16. Nfd2 c5 17. Qh5+ Kf8 18. Bc7 c4 19. Nc5 Nxc5
20. dxc5 Nf5 21. Nf3 Qc6 22. Bd6+ Kg8 23. Rf2 b6 24. Qg6 Qe8 25. Qxe8+ Rxe8 26.
cxb6 Nxd6 27. exd6 g4 28. Nh4 Bd4 29. d7 Rd8 30. Kf1 Bxf2 31. Kxf2 Kf7 32. bxa7
Rxd7 33. b4 cxb3 34. cxb3 Rxa7 35. Rd1 Rb8 36. Rd4 Kf6 37. Rxf4+ Kg5 38. g3
Rxb3 39. h3 gxh3 40. Nf3+ Kg6 41. Rh4 Rc7 42. Nd4 Rf7+ 43. Kg1 Rxg3+ 44. Kh2
Rd3 45. Rxh3 Rd2+ 46. Kg1 Rxd4 47. Rg3+ Kf5 48. Ra3 0-1

[Event "ICS Rated blitz match"]
[Site "207.99.83.227"]
[Date "1999.05.07"]
[Round "?"]
[White "Hossa"]
[Black "JudgeTurpin"]
[Result "1/2-1/2"]
[WhiteElo "2402"]
[BlackElo "2575"]
[PlyCount "247"]

1. e4 e5 2. f4 exf4 3. Nf3 g5 4. h4 g4 5. Ne5 Nf6 6. Bc4 d5 7. exd5 Bd6 8. Bb5+
Bd7 9. Nxd7 Nbxd7 10. O-O f3 11. gxf3 a6 12. Re1+ Be7 13. Ba4 gxf3 14. Qxf3 b5
15. Bb3 Rg8+ 16. Kf1 Rg4 17. d3 Rxh4 18. Bg5 Ng4 19. Bxe7 Nh2+ 20. Kf2 Nxf3 21.
Bxd8+ Kxd8 22. Kxf3 Rh3+ 23. Kg2 Rh6 24. d6 Rg6+ 25. Kh3 Rh6+ 26. Kg3 Rg6+ 27.
Kh4 Rh6+ 28. Kg5 Rg6+ 29. Kh5 Nf6+ 30. Kh4 cxd6 31. Bxf7 Rg7 32. Bb3 Kd7 33.
Be6+ Kc6 34. Rf1 Nd5 35. Bxd5+ Kxd5 36. Nc3+ Kc6 37. Rf5 Rag8 38. Nd5 h6 39. c4
bxc4 40. dxc4 Kb7 41. b3 Rg2 42. Rf7+ Ka8 43. Rh1 R8g4+ 44. Kh5 Rg6 45. Nb6+
Kb8 46. Nd7+ Ka8 47. Rf5 R6g3 48. Kxh6 Rxa2 49. b4 Rc2 50. Rf7 Kb7 51. Nf6+ Kc6
52. Rh4 Rf2 53. Rh5 Rgf3 54. b5+ axb5 55. cxb5+ Kb6 56. Nd7+ Kc7 57. Rg7 Rf7
58. Nf8 Kb6 59. Ne6 R7f5 60. Rxf5 Rxf5 61. Nd4 Rf4 62. Ne2 Rf2 63. Nc3 Rf3 64.
Ne4 d5 65. Nd6 Rf6+ 66. Rg6 Rxg6+ 67. Kxg6 Kc5 68. Nf5 Kxb5 69. Ng3 Kc4 70. Nh1
d4 71. Nf2 Kd5 72. Nh1 d3 73. Nf2 d2 74. Ng4 Ke4 75. Nf2+ Kd4 76. Nd1 Ke5 77.
Nf2 Kf4 78. Nd3+ Ke3 79. Nb2 Ke4 80. Nd1 Kd4 81. Nb2 Kd5 82. Na4 Ke6 83. Nb2
Ke7 84. Nd1 Kd6 85. Ne3 Ke6 86. Nd1 Kd5 87. Nb2 Kc5 88. Nd1 Kc4 89. Nf2 Kb3 90.
Nd1 Kc2 91. Nf2 Kb2 92. Nd1+ Kb3 93. Ne3 Kc3 94. Nd1+ Kd3 95. Nb2+ Ke2 96. Na4
Kd1 97. Nb2+ Ke1 98. Nd3+ Ke2 99. Nb2 Kf3 100. Kh6 Kf4 101. Nd1 Kf5 102. Nf2
Ke6 103. Kh7 Kd5 104. Ng4 Ke4 105. Nf2+ Kf4 106. Nd1 Kf5 107. Ne3+ Ke4 108. Nd1
Kd5 109. Nb2 Kc5 110. Nd1 Kd6 111. Nb2 Kc7 112. Nd1 Kd7 113. Nf2 Kc6 114. Nd1
Kb5 115. Nf2 Kb4 116. Nd1 Ka5 117. Nf2 Kb6 118. Nd1 Kc6 119. Ne3 Kd7 120. Nd1
Kc7 121. Nf2 Kb7 122. Nd1 Kb6 123. Ne3 Kc5 124. Nd1 {
Game drawn by the 50 move rule} 1/2-1/2

[Event "ICS Rated blitz match"]
[Site "207.99.83.227"]
[Date "1999.05.07"]
[Round "?"]
[White "Hossa"]
[Black "JudgeTurpin"]
[Result "0-1"]
[WhiteElo "2409"]
[BlackElo "2568"]
[Annotator "Crafty v16.6"]
[PlyCount "60"]

{annotating for player ossa using a scoring margin of +0.20 pawns. search time
limit is 1:00} 1. e4 1... e5 2. f4 exf4 3. Nf3 ({10:-1.07} 3. Nf3 3... Be7 4.
Rg1 Nf6 5. e5 Nh5 6. Be2 Nc6 7. Nc3 7... O-O $17) ({10:-0.76} 3. Qg4 3... Qf6
4. Nc3 h5 5. Qh3 Ne7 6. Nf3 Nbc6 7. Nb5 7... Kd8 $17) 3... Be7 4. Nc3 Bh4+ 5.
Ke2 d5 6. Nxd5 Bg4 7. h3 ({9:-0.24} 7. h3 7... Bxf3+ 8. gxf3 Nc6 9. d3 Nd4+ 10.
Kd2 Nf6 11. c3 Ne6 12. Qb3 Nxd5 13. Qxd5 Qxd5 14. exd5 $10) ({9:+0.12} 7. d3
7... Nf6 8. Nxf4 Nc6 9. Be3 g5 10. Nh3 Nd4+ 11. Kd2 Nxf3+ 12. gxf3 Nxe4+ 13.
Kc1 $10) 7... Bxf3+ 8. gxf3 Nf6 9. Nxf4 Nxe4 10. fxe4 Qd4 11. Bg2 Qf2+ 12. Kd3
Nc6 13. Qf1 Rd8+ 14. Nd5 Ne5+ 15. Kc3 Qc5+ 16. Kb3 a5 17. c3 Bf2 18. d4 Bxd4
19. cxd4 ({8:+3.49} 19. cxd4 19... a4+ 20. Kxa4 Qc2+ 21. Kb5 c6+ 22. Kb4 Nd3+
23. Ka5 cxd5 24. exd5 Nxc1 25. Rxc1 25... Qxb2 $18) ({8:+3.86} 19. Qe2 19... c6
20. cxd4 a4+ 21. Kxa4 Qxd4+ 22. Nb4 c5 23. Qb5+ Nc6 24. Qxb7 24... Nxb4 $18)
19... a4+ 20. Kxa4 Qc2+ 21. b3 ({8:+0.00} 21. b3 21... Ra8+ 22. Kb5 Nd3 23. Nb4
Qc3 24. Qxd3 c6+ 25. Kb6 Qxb4+ 26. Kc7 Qe7+ 27. Kb6 27... Qb4+ $10) ({8:+3.07} 
21. Kb5 21... c6+ 22. Kb4 Nd3+ 23. Ka5 Ra8+ 24. Kb6 cxd5 25. exd5 Nxc1 26. Rxc1
Qxb2+ 27. Qb5+ Qxb5+ 28. Kxb5 Rxa2 29. Rhe1+ $18) 21... Ra8+ 22. Kb5 c6+ 23.
Kb6 ({10:-7.82} 23. Kb6 23... Nd7+ 24. Kxb7 cxd5 25. Qc4 Rb8+ 26. Ka6 dxc4 27.
Bf4 Rb6+ 28. Ka7 cxb3 29. Bf3 bxa2 30. Rhd1 $19) ({10:-4.01} 23. Kb4 23... Nd3+
24. Qxd3 Qxd3 25. Nc7+ Kd7 26. Bb2 Kxc7 27. Rhg1 Rhd8 28. a4 Rd6 29. Bf1 Qd2+
30. Ka3 $19) 23... Nd7+ 24. Kxb7 cxd5 25. Qc4 dxc4 26. Kxa8 cxb3 27. Kb7 O-O
28. e5 Qc8+ 29. Ka7 Qc7+ 30. Ka6 Qb6# 0-1

[Event "ICS Rated blitz match"]
[Site "207.99.83.227"]
[Date "1999.05.07"]
[Round "?"]
[White "Hossa"]
[Black "JudgeTurpin"]
[Result "0-1"]
[WhiteElo "2400"]
[BlackElo "2577"]
[Annotator "Crafty v16.6"]
[PlyCount "117"]

{annotating for player ossa using a scoring margin of +0.20 pawns. search time
limit is 1:00} 1. e4 1... e5 2. f4 exf4 3. Nf3 Be7 4. Nc3 Nf6 5. Be2 ({10:-0.94
} 5. Be2 5... Ng4 6. Rg1 Bh4+ 7. g3 fxg3 8. hxg3 Be7 9. Nd5 Bd6 10. Nd4 10...
Bc5 $17) ({10:-0.38} 5. d3 5... Nh5 6. Qe2 O-O 7. Nd5 Bh4+ 8. Nxh4 Qxh4+ 9. Qf2
Qxf2+ 10. Kxf2 Nc6 11. Nxc7 $15) 5... d5 6. Nxd5 Nxd5 7. exd5 Bh4+ 8. Kf1 Be7
9. c4 g5 10. Ne5 ({8:+0.05} 10. Ne5 10... Qd6 11. Bg4 Bxg4 12. Qxg4 Nd7 13.
Nxd7 Qxd7 14. Qxd7+ Kxd7 15. Ke2 15... Rae8 $10) ({8:+0.39} 10. d4 10... Na6
11. Kf2 Qd6 12. Ne5 Nc5 13. Qc2 13... Bf6 $14) 10... Bf5 11. d4 ({9:+0.13} 11.
d4 11... Nd7 12. Qa4 O-O 13. Ng4 Be4 14. Qb5 b6 15. Kf2 $10) ({9:+0.34} 11. Bh5
11... O-O 12. d4 c6 13. Bf3 Qc7 14. Kf2 Re8 15. Re1 $14) 11... Bd6 12. Bg4 Bxg4
13. Nxg4 h5 14. Nf2 Qf6 15. Ne4 Qg6 16. Kf2 ({9:+0.61} 16. Kf2 16... Nd7 17.
Nxd6+ Qxd6 18. Re1+ Kd8 19. Qe2 Qf6 20. Qe4 Kc8 21. Qe8+ Rxe8 22. Rxe8+ Qd8 23.
Rxd8+ Kxd8 24. Bd2 $14) ({9:+0.85} 16. Nxd6+ 16... Qxd6 17. h4 g4 18. Qb3 b6
19. Qd3 f3 20. gxf3 Qg3 21. Qe4+ 21... Kd8 $16) 16... Be7 17. Re1 Nd7 18. Nc3
Nb8 19. Qe2 Qf6 20. Nb5 ({9:+2.13} 20. Nb5 20... Na6 21. Qe4 Kd7 22. d6 Bxd6
23. Qxb7 Nb4 24. Kg1 $18) ({9:+2.78} 20. d6 20... cxd6 21. Nd5 Qxd4+ 22. Kf1
Nc6 23. Nxe7 Ne5 24. Nf5 24... Qc5 $18) 20... Na6 21. Qe4 Rb8 22. Kg1 f3 23.
Qxf3 ({9:+1.89} 23. Qxf3 23... Qxf3 24. gxf3 Kd8 25. c5 Bf6 26. d6 Ra8 27. Bd2
27... Rc8 $18) ({9:+2.34} 23. gxf3 23... Kd7 24. Nxa7 Rhe8 25. Qd3 Nb4 26. Qd1
Ra8 27. Qa4+ 27... Kd8 $18) 23... Qxf3 24. gxf3 Kd7 25. Bd2 Bb4 26. Rad1 c6 27.
Nxa7 Ra8 28. Nxc6 bxc6 29. dxc6+ Kxc6 30. Bxb4 Nxb4 31. a3 Na6 32. b4 Nc7 33.
Rd3 Kd6 34. Ra1 Ne6 35. a4 Nf4 36. Rd2 Rhc8 37. c5+ Kd5 38. b5 Ra5 39. b6 Kc6
40. Kf2 Rd8 41. Raa2 f6 42. Ke1 Re8+ 43. Kf1 Rea8 44. Ra3 Rxa4 45. Rxa4 Rxa4
46. Kf2 h4 47. Ke3 Ra3+ 48. Kf2 Rb3 49. Kf1 Rxf3+ 50. Rf2 Rd3 51. Rc2 Rxd4 52.
Kf2 Rb4 53. Ke3 Ne6 54. Rf2 Rb3+ 55. Ke4 Nxc5+ 56. Kf5 Kxb6 57. Kg6 Nd7 58. Rd2
Kc6 59. Rf2 0-1

[Event "ICS Rated blitz match"]
[Site "207.99.83.227"]
[Date "1999.05.07"]
[Round "?"]
[White "Hossa"]
[Black "JudgeTurpin"]
[Result "0-1"]
[WhiteElo "2392"]
[BlackElo "2585"]
[Annotator "Crafty v16.6"]
[PlyCount "117"]

{annotating for player ossa using a scoring margin of +0.20 pawns. search time
limit is 1:00} 1. e4 1... e5 2. f4 exf4 3. Nf3 d5 4. Nc3 dxe4 5. Nxe4 Qe7 6.
Qe2 Bg4 7. d4 ({9:-0.87} 7. d4 7... Nc6 8. Bxf4 O-O-O 9. O-O-O Nxd4 10. Qe3
Nxf3 11. gxf3 Rxd1+ 12. Kxd1 Qd8+ 13. Kc1 $17) ({9:-0.13} 7. d3 7... f5 8. Neg5
Nc6 9. Bxf4 Nb4 10. O-O-O Nxa2+ 11. Kb1 11... Nb4 $10) 7... Bxf3 8. gxf3 Nc6 9.
Bxf4 Nxd4 10. Qf2 O-O-O 11. O-O-O Qd7 12. Kb1 Qf5 13. Bg5 ({9:+0.61} 13. Bg5
13... Be7 14. Rxd4 Bxg5 15. Rxd8+ Bxd8 16. Qxa7 Qxf3 17. Qa8+ Kd7 18. Bb5+ Ke7
19. Re1 19... b6 $14) ({10:+1.62} 13. Rxd4 13... Rxd4 14. Qxd4 Qxf4 15. Qxa7 c5
16. Bh3+ Kc7 17. Rd1 f5 18. Nxc5 18... Qxf3 $18) 13... f6 14. Rxd4 fxg5 15.
Rxd8+ Kxd8 16. Qxa7 Nf6 17. Bd3 Qe5 18. Qxb7 Ke7 19. Nxg5 Nd5 20. Nxh7 g5 21.
Be4 Nb6 22. Bg6 ({10:+3.50} 22. Bg6 22... Bg7 23. c3 Rd8 24. Qc6 Rd2 25. Qe8+
Kd6 26. Qxe5+ Bxe5 27. Nxg5 Rxh2 28. Rxh2 Bxh2 29. Kc2 $18) ({10:+4.27} 22. Qc6
22... Bg7 23. c3 Qd6 24. Nxg5 Qxc6 25. Bxc6 Rh6 26. Bb7 Nc4 27. a4 27... Rd6
$18) 22... Bh6 23. Qe4 ({9:+3.14} 23. Qe4 23... Qxe4 24. fxe4 Nc4 25. Rd1 Rb8
26. b3 Ne5 27. Bf5 27... Rb4 $18) ({9:+3.68} 23. Qc6 23... Rb8 24. c3 Nd5 25.
Qc5+ Ke6 26. Rc1 Qe2 27. Bf5+ Kxf5 28. Qxd5+ 28... Kg6 $18) 23... Qxe4 24. fxe4
Nc4 25. a4 Nd2+ 26. Ka2 Nf3 27. Rf1 g4 28. Rf2 Be3 29. Re2 Bf4 30. a5 ({
11:+1.01} 30. a5 30... Bxh2 31. e5 Bxe5 32. b4 Rg8 33. Be4 Nd4 34. Re3 g3 35.
Bg2 $16) ({11:+2.23} 30. e5 30... Nxe5 31. Be4 Kd6 32. Bf5 c5 33. c3 c4 34. Nf6
Rf8 35. Rf2 $18) 30... Bxh2 31. b4 g3 32. e5 Nh4 33. Be4 g2 34. Bxg2 Nxg2 35.
Nf6 Nf4 36. Re4 Ng6 37. Nd5+ Kd7 38. Rg4 Nxe5 39. Rg7+ Kc6 40. Nxc7 Nc4 41. Ne6
Be5 42. Rg4 Kb5 43. Nc5 Rh1 44. Nb3 Kxb4 45. Re4 Rh2 46. Kb1 Kb5 47. a6 Na3+
48. Kc1 Bc3 49. Kd1 Nc4 50. Rxc4 Kxc4 51. a7 Rh8 52. Ke2 Ra8 53. Kf3 Rxa7 54.
Nc1 Ra1 55. Nd3 Ra2 56. Nf2 Rxc2 57. Ne4 Be5 58. Kg4 Kd4 59. Kf3 0-1

[Event "ICS rated bullet match"]
[Site "207.99.83.227"]
[Date "1999.05.07"]
[Round "?"]
[White "JSBach"]
[Black "Hossa"]
[Result "0-1"]
[WhiteElo "2138"]
[BlackElo "2480"]
[PlyCount "104"]

1. d4 Nf6 2. Bf4 e6 3. Nf3 Be7 4. Nc3 O-O 5. e4 d5 6. e5 Ne4 7. Nxe4 dxe4 8.
Ng1 Nc6 9. c3 Qd5 10. Nh3 Bd7 11. Qc2 Rad8 12. Ng5 f6 13. exf6 Bxf6 14. Qxe4
Bxg5 15. Qxd5 exd5 16. Bxg5 Rc8 17. Be3 Bg4 18. Bb5 a6 19. Bxc6 bxc6 20. Kd2
Kf7 21. f3 Bf5 22. g4 Be6 23. Rae1 Kg6 24. Ke2 Rb8 25. Rb1 Bd7 26. Rhe1 c5 27.
dxc5 Bb5+ 28. Kd2 Rxf3 29. h4 Kf7 30. a3 Bd7 31. Rg1 h5 32. c4 dxc4 33. Rgc1
hxg4 34. Rxc4 Bf5 35. Re1 Rxb2+ 36. Kc3 Rh2 37. Ra4 Bc8 38. Rf4+ Kg8 39. Rxf3
gxf3 40. Bg1 f2 41. Re8+ Kf7 42. Bxh2 Kxe8 43. Bxc7 f1=Q 44. Bd6 Qh3+ 45. Kb2
Qxh4 46. Kc3 Qa4 47. Kb2 Bf5 48. Kc3 Qxa3+ 49. Kc4 Qd3+ 50. Kb4 Be6 51. Ka4
Qb5+ 52. Ka3 52... Qb3# {JSBach checkmated} 0-1

[Event "ICS Rated blitz match"]
[Site "207.99.83.227"]
[Date "1999.05.07"]
[Round "?"]
[White "rb"]
[Black "Hossa"]
[Result "1/2-1/2"]
[WhiteElo "2298"]
[BlackElo "2390"]
[PlyCount "139"]

1. e4 e5 2. Nf3 Nf6 3. Nxe5 Qe7 4. d4 d6 5. Nf3 Qxe4+ 6. Be3 Ng4 7. Bd3 Nxe3 8.
Bxe4 Nxd1 9. Kxd1 Be7 10. Re1 c6 11. c4 Be6 12. d5 cxd5 13. Bxd5 Nc6 14. Bxe6
fxe6 15. Rxe6 O-O 16. Nc3 Rf6 17. Re3 Rg6 18. Nd5 Bf6 19. Nxf6+ Rxf6 20. Kd2
Rd8 21. Rb3 Na5 22. Rc3 d5 23. cxd5 Rxd5+ 24. Kc2 Nc6 25. Re1 Rf8 26. Rc4 h5
27. Ree4 a5 28. a3 Rfd8 29. b3 Rf5 30. Rf4 Rfd5 31. h3 Rc8 32. Kb2 Rcd8 33.
Rfe4 Rf5 34. Kc3 g5 35. Re3 Rfd5 36. Re6 Kg7 37. Kb2 Rb8 38. Kc1 Rbd8 39. Kc2
Rc8 40. g4 h4 41. Kc1 Rf8 42. Rc3 Rf4 43. Kb2 a4 44. b4 Kf7 45. Ree3 Kf6 46.
Re8 Kg7 47. Kc1 Kh6 48. Ra8 Ne5 49. Rh8+ Kg7 50. Nxe5 Rxe5 51. Rb8 Re1+ 52. Kd2
Re7 53. f3 Kh6 54. Rh8+ Kg6 55. Rg8+ Rg7 56. Rxg7+ Kxg7 57. Ke3 Rf7 58. Rc5 Kg6
59. Ra5 Re7+ 60. Kf2 Rc7 61. Rxa4 Rc2+ 62. Ke3 Rc3+ 63. Ke4 Rc4+ 64. Kd3 Rf4
65. Ke3 Rf7 66. Ra7 Re7+ 67. Kd4 Rf7 68. Ke3 Re7+ 69. Kd4 Rf7 70. Ke3 {
Game drawn by repetition} 1/2-1/2

[Event "ICS Rated blitz match"]
[Site "207.99.83.227"]
[Date "1999.05.07"]
[Round "?"]
[White "ColonialPast"]
[Black "Hossa"]
[Result "1/2-1/2"]
[WhiteElo "2054"]
[BlackElo "2375"]
[PlyCount "122"]

1. e4 e5 2. Nf3 Nf6 3. Nxe5 Qe7 4. Nf3 Nxe4 5. Be2 g6 6. O-O Bg7 7. Re1 d5 8.
d3 Nf6 9. Bf1 Be6 10. Nd4 Nc6 11. Nxe6 fxe6 12. d4 O-O 13. c3 Ne4 14. f3 Nd6
15. Nd2 e5 16. Nb3 e4 17. Nc5 Qf7 18. fxe4 Nxe4 19. Nxe4 Rae8 20. Bb5 dxe4 21.
Be3 a6 22. Bxc6 bxc6 23. Qb3 Qd5 24. Rf1 Rxf1+ 25. Rxf1 Qxb3 26. axb3 Bf8 27.
b4 Bd6 28. Ra1 Ra8 29. g3 Kf7 30. Bf4 Bxf4 31. gxf4 Kf6 32. Kf2 Kf5 33. Kg3 Ke6
34. Ra5 Kd7 35. Kf2 Kc8 36. Ke3 Kb7 37. Kxe4 Kb6 38. f5 Re8+ 39. Re5 Rf8 40.
Kf4 gxf5 41. Rxf5 Rg8 42. Rg5 Rf8+ 43. Ke3 Rf6 44. Rh5 Re6+ 45. Kd3 h6 46. h4
Rf6 47. Re5 Rf4 48. h5 Rh4 49. Ke3 Rh2 50. Kf4 Rxb2 51. Re6 Rc2 52. Rxh6 Rxc3
53. Rh8 Kb5 54. Rb8+ Kc4 55. h6 Rh3 56. Kg5 Kxd4 57. Kg6 Rg3+ 58. Kf7 Rf3+ 59.
Kg7 Rg3+ 60. Kf7 Rf3+ 61. Kg7 61... Rg3+ {Game drawn by mutual agreement}
1/2-1/2

[Event "ICS rated blitz match"]
[Site "207.99.83.227"]
[Date "1999.05.07"]
[Round "?"]
[White "Hossa"]
[Black "ColonialPast"]
[Result "1-0"]
[WhiteElo "2363"]
[BlackElo "2066"]
[PlyCount "42"]

1. e4 c6 2. Nf3 d5 3. exd5 cxd5 4. d4 Nf6 5. Bb5+ Nc6 6. Ne5 Bd7 7. Nc3 e6 8.
O-O Be7 9. Nxd7 Qxd7 10. Ne2 a6 11. Ba4 b5 12. Bb3 Na5 13. Qe1 Nxb3 14. axb3
O-O 15. Bg5 Ne4 16. Bxe7 Qxe7 17. Ng3 Nxg3 18. fxg3 Qc7 19. Qe2 a5 20. Rf4 b4
21. Rf2 21... Ra6 {ColonialPast resigns} 1-0

[Event "ICS rated blitz match"]
[Site "207.99.83.227"]
[Date "1999.05.07"]
[Round "?"]
[White "ColonialPast"]
[Black "Hossa"]
[Result "1/2-1/2"]
[WhiteElo "2061"]
[BlackElo "2368"]
[PlyCount "121"]

1. e4 e5 2. Nf3 Nf6 3. Nxe5 Qe7 4. Nf3 Nxe4 5. Be2 g6 6. O-O Bg7 7. Re1 d5 8.
d3 Nf6 9. Bf1 Be6 10. Nd4 Nc6 11. Nxe6 fxe6 12. d4 O-O 13. c3 Ne4 14. f3 Nd6
15. Be3 Nf5 16. Bf2 Qd6 17. g4 Nh6 18. Bg3 e5 19. Nd2 Nf7 20. Nb3 Rae8 21. Bg2
Ne7 22. Qd2 Qb6 23. Kh1 Bh6 24. Qd3 exd4 25. Qxd4 c6 26. Qxb6 axb6 27. Nd4 Nd8
28. Ne6 Nxe6 29. Rxe6 Nc8 30. Rae1 Rxe6 31. Rxe6 Bc1 32. b3 Bd2 33. Be1 Kf7 34.
Re2 Bxe1 35. Rxe1 Nd6 36. Bf1 g5 37. Bd3 h6 38. Kg2 Kf6 39. Kg3 b5 40. f4 gxf4+
41. Kxf4 Ra8 42. Re2 Rg8 43. h4 Nf7 44. Bf5 Ra8 45. Bb1 c5 46. Bf5 b4 47. cxb4
cxb4 48. Re6+ Kg7 49. Rg6+ Kf8 50. Rb6 Rxa2 51. Rxb4 Nd6 52. Ke5 Ke7 53. Kxd5
Rh2 54. Rb6 Rd2+ 55. Ke5 Re2+ 56. Kd5 Rd2+ 57. Kc5 Rd1 58. b4 Rc1+ 59. Kd5 Rd1+
60. Kc5 Rc1+ 61. Kd5 {Game drawn by mutual agreement} 1/2-1/2

[Event "ICS rated blitz match"]
[Site "207.99.83.227"]
[Date "1999.05.07"]
[Round "?"]
[White "UnsoundHero"]
[Black "Hossa"]
[Result "0-1"]
[WhiteElo "2091"]
[BlackElo "2357"]
[PlyCount "58"]

1. e4 e5 2. Nf3 Nf6 3. Nxe5 Qe7 4. d4 d6 5. Nf3 Qxe4+ 6. Be2 Bf5 7. c4 Nc6 8.
O-O O-O-O 9. Nc3 Qc2 10. Qxc2 Bxc2 11. Bg5 Be7 12. Rac1 Bf5 13. Rfd1 Rde8 14.
Kf1 h6 15. Bh4 g5 16. Bg3 Nh5 17. Nd5 Bf8 18. b4 Be6 19. b5 Bxd5 20. cxd5 Nb4
21. Bc4 Nf6 22. Be5 dxe5 23. dxe5 g4 24. exf6 gxf3 25. a3 fxg2+ 26. Kg1 Bd6 27.
axb4 Rhg8 28. Ra1 Re4 29. Bd3 29... Bxh2+ {UnsoundHero resigns} 0-1

[Event "ICS rated blitz match"]
[Site "207.99.83.227"]
[Date "1999.05.07"]
[Round "?"]
[White "Hossa"]
[Black "ColonialPast"]
[Result "1-0"]
[WhiteElo "2363"]
[BlackElo "2057"]
[PlyCount "79"]

1. e4 c6 2. Nf3 d5 3. exd5 cxd5 4. d4 Nf6 5. Bb5+ Nc6 6. Ne5 Bd7 7. Nc3 e6 8.
O-O Be7 9. Nxd7 Qxd7 10. Ne2 O-O 11. Ba4 Rfe8 12. b3 a6 13. c4 Rab8 14. Qd3
Red8 15. Bb2 Nb4 16. Qc3 b5 17. a3 Nc6 18. cxb5 axb5 19. Rfc1 Rdc8 20. Bxb5
Rxb5 21. Qe3 Na5 22. b4 Nc4 23. Qd3 Rbb8 24. Rc2 Nxb2 25. Rxb2 Rc4 26. Qg3 Bd6
27. Qg5 Qa4 28. Rba2 Rbc8 29. Qd2 Rc2 30. Rxc2 Rxc2 31. Qe1 Ne4 32. Rc1 Qc6 33.
Rxc2 Qxc2 34. f3 Qd2 35. Qxd2 Nxd2 36. Nc3 Nb1 37. Nxb1 e5 38. dxe5 Bxe5 39. a4
Kf8 40. a5 {ColonialPast resigns} 1-0

[Event "ICS rated blitz match"]
[Site "207.99.83.227"]
[Date "1999.05.07"]
[Round "?"]
[White "Hossa"]
[Black "MKL"]
[Result "1-0"]
[WhiteElo "2368"]
[BlackElo "2081"]
[PlyCount "37"]

1. e4 c5 2. Nc3 Nc6 3. Nf3 e6 4. Bb5 Nge7 5. d4 cxd4 6. Nxd4 a6 7. Ba4 b5 8.
Bb3 Nxd4 9. Qxd4 Nc6 10. Qd3 Be7 11. O-O O-O 12. Qf3 Bb7 13. Qh5 Qc7 14. Rd1
Rac8 15. a3 Bf6 16. Rd3 Ne5 17. Rh3 h6 18. Bxh6 gxh6 19. Qxh6 {MKL resigns} 1-0

[Event "ICS rated blitz match"]
[Site "207.99.83.227"]
[Date "1999.05.07"]
[Round "?"]
[White "GIRONA"]
[Black "Hossa"]
[Result "0-1"]
[WhiteElo "2029"]
[BlackElo "2373"]
[PlyCount "72"]

1. Nf3 d5 2. c4 e6 3. d4 dxc4 4. Nc3 Bb4 5. g3 Nf6 6. Bg2 O-O 7. Ne5 c5 8. a3
Bxc3+ 9. bxc3 cxd4 10. Qxd4 Qxd4 11. cxd4 c3 12. e4 b6 13. O-O Bb7 14. Re1 Rd8
15. Nf3 Bxe4 16. Bg5 Nbd7 17. Ne5 Bxg2 18. Kxg2 h6 19. Be3 Nxe5 20. dxe5 Nd5
21. Rac1 Rac8 22. Rc2 Rf8 23. Bd4 Rc4 24. Be3 Re4 25. Kf3 Rxe5 26. Rec1 Rf5+
27. Ke2 e5 28. f3 Re8 29. g4 Rf6 30. Rd1 Rd6 31. Bf2 Nf4+ 32. Ke1 Rxd1+ 33.
Kxd1 Rd8+ 34. Ke1 Rd3 35. Bg3 Rxf3 36. Bxf4 36... exf4 {GIRONA resigns} 0-1

[Event "ICS rated blitz match"]
[Site "207.99.83.227"]
[Date "1999.05.07"]
[Round "?"]
[White "Hossa"]
[Black "supernerd"]
[Result "1-0"]
[WhiteElo "2377"]
[BlackElo "2378"]
[PlyCount "34"]

1. e4 g6 2. Nf3 d6 3. Nc3 c6 4. d4 d5 5. exd5 cxd5 6. Bb5+ Nc6 7. Ne5 Qd6 8.
Bf4 Qe6 9. O-O f6 10. Nxc6 bxc6 11. Re1 Qd7 12. Bd3 Bg7 13. Na4 Nh6 14. Nc5 Qd8
15. Re6 Bd7 16. Rxc6 Kf7 17. Rc7 17... e5 {supernerd resigns} 1-0

[Event "ICS rated blitz match"]
[Site "207.99.83.227"]
[Date "1999.05.07"]
[Round "?"]
[White "Aagaard"]
[Black "Hossa"]
[Result "0-1"]
[WhiteElo "2377"]
[BlackElo "2393"]
[PlyCount "58"]

1. d4 Nf6 2. c4 d6 3. Nc3 Nbd7 4. e4 e5 5. Nf3 Be7 6. Be2 O-O 7. O-O c5 8. d5
Nb6 9. Rb1 Ng4 10. b4 cxb4 11. Rxb4 Nd7 12. Ne1 Qa5 13. a3 Ngf6 14. Nd3 Nc5 15.
Rb5 Qxc3 16. Bb2 Qxc4 17. Nxc5 Qa2 18. Nd3 Qc4 19. Nc5 Qa2 20. Qc2 a6 21. Rb6
Nxd5 22. exd5 Qxd5 23. Nxb7 Bxb7 24. Bf3 e4 25. Rxb7 exf3 26. Rxe7 Qg5 27. g3
Qxe7 28. Qc3 Qe5 29. Qb3 29... Qh5 {Aagaard resigns} 0-1

[Event "ICS rated blitz match"]
[Site "207.99.83.227"]
[Date "1999.05.07"]
[Round "?"]
[White "Hossa"]
[Black "supernerd"]
[Result "1-0"]
[WhiteElo "2408"]
[BlackElo "2363"]
[PlyCount "62"]

1. e4 c5 2. Nc3 Nc6 3. Nf3 g6 4. Bb5 Bg7 5. d3 d6 6. Bg5 Nf6 7. e5 dxe5 8. Nxe5
Bd7 9. Bxc6 bxc6 10. O-O O-O 11. Qf3 Qc7 12. Rae1 Rab8 13. Bf4 Nh5 14. Nxd7
Nxf4 15. Rxe7 Qd6 16. Nxb8 Qxe7 17. Qxf4 Be5 18. Nxc6 Bxf4 19. Nxe7+ Kg7 20.
Ne4 Rb8 21. a4 Rxb2 22. Nd5 Be5 23. c3 Ra2 24. f4 Bb8 25. Nxc5 Bd6 26. Nb7 Bf8
27. a5 Rd2 28. Rf3 Rb2 29. a6 Ra2 30. Nc7 Ra3 31. d4 31... Bb4 {
supernerd resigns} 1-0